00558nam a2200193Ia 4500003000400000005001700004008004100021020003000062040001700092082001900109100001700128245007800145250001300223260003600236300001600272650002500288650002600313650002500339IIN20240122155959.0231217s9999 xx 000 0 und d cRs.1399.00a9789386691927 aIINbEnglish a610.73 bOMA1 aAich, Omayal1 aManual of Nursing Procedures and PracticecOmayal Aich College of Nursing a.-2nd ed bWolters KluweraNew Delhic2018 axiv, 989 p.1 aFoundationvNursing 1 aFundamentalvNursing 1 aProcedures vNursing